000 01010nam a2200301 a 4500
001 BRL_1614
005 20190320211305.0
008 140414s1994----mx-ao#####---#000-0#spa-#
020 _a9686520120
041 _aspa
044 _amx
050 4 _aNK844
_b.S65 1994
100 1 _aSolís Olguín, Felipe R.
_9921
245 1 0 _aÁngeles en el arte popular mexicano
_cFelipe Solís y Jaime Bali ; fotografía Javier Hinojosa ; traducción Thomas Kramer Kelly.
260 _aMéxico
_bAsemex Banpais Grupo Financiero : Jilguero
_c1994
300 _a195 p.
_bil., fotografías (a color)
_c32 cm.
500 _aAu877
500 _aIncluye dedicatoria a Ruth Lechuga
500 _aTexto en: español e inglés
504 _aBibliografía: p. [196-197]
650 1 4 _aÁngeles en el arte
_93686
650 1 4 _aArte popular
_zMéxico
_9882
700 1 _aBali, Jaime
_ecoaut.
_927442
700 1 _aHinojosa, Javier
_eil.
_94884
700 1 _aKramer Kelly, Thomas
_etr.
_927443
902 _aGRL
942 _2lcc
_cB
999 _c10423
_d10423